¿Qué nos hace humanos ? : Un manual para pensar (nos) en las aulas /

Guardado en:
Autor Principal: Abajo González, Andrés
Otros Autores: Pupio, Alejandra; coord., Pupio, Alejandra; ed., Alonso Alcalde, Rodrigo; ed., De la Fuente, Laura; ed.
Formato: Libro
Publicado: Bahía Blanca : Ediuns, 2019
Materias:
Etiquetas: Agregar Etiqueta
Sin Etiquetas, Sea el primero en etiquetar este registro!
LEADER 01692nam a22003495a 4500
001 CEM.cems015189
008 130507s2019##################000#0#####d
005 20260629161545.0
245 1 0 |a ¿Qué nos hace humanos ? :  |b Un manual para pensar (nos) en las aulas /  |c Andrés Abajo González ... y Otros. 
260 |a Bahía Blanca :  |b Ediuns,  |c 2019 
300 |a 190p. ; 21x15 cm 
500 |a Editado por Alejandra Pupio ; Rodrigo Alonso Alcalde ; Laura de la Fuente ; prólogo de Paula Bombara 
505 0 |a ¿En qué consiste lo humano ? -- ¿Qué es el lenguaje humano? -- ¿Qué significa ser humano en el mundo ? -- ¿Cuál es el papel de la tecnología en la evolución humana? -- ¿Cómo llegamos hasta aquí? -- ¿Sabés qué? 
020 |a 9789876552219 
100 1 |a Abajo González, Andrés 
700 1 |a Pupio, Alejandra; coord. 
700 1 |a Pupio, Alejandra; ed. 
700 1 |a Alonso Alcalde, Rodrigo; ed. 
700 1 |a De la Fuente, Laura; ed. 
082 0 4 |a 372.83 
653 |a Ciencias sociales 
653 |a Didáctica de las ciencias sociales 
653 |a Antropología 
653 |a Humanos 
653 |a Biblioteca de educación 
859 |a CEMS  |b BIB. CEMS - Ccias. Educacion  |h 372.83  |i Ab15  |k CE  |p 28518.19  |t Ej.1 
859 |a CEMS  |b BIB. CEMS - Agricultura  |h 372.83  |i Ab116  |p A3278.19  |t Ej:1 
859 |a CEMS  |b BIB. CEMS - 11 de abril  |h 372.83  |i Ab15  |p 28410.19  |t Ej.1 
859 |a CEMS  |b BIB. CEMS - Inicial y Primaria  |h 372.83  |i P969  |k IP  |p 6284  |t Ej. 1 
859 |a CEMS  |b BIB. CEMS - 11 de abril  |h 372.83  |i Ab15  |p 28409.19  |t Ej.2 
859 |a CEMS  |b BIB. CEMS - 11 de abril  |h 372.83  |i Ab15  |p 28411.19  |t Ej.3 
859 |a CEMS  |b BIB. CEMS - 11 de abril  |h 372.83  |i Ab15  |p 30849.26  |t Ej.4